LEADER 01212nam a2200313 i 4500 001 991000686989707536 005 20020507172251.0 008 970709s1976 it ||| | ita 035 $ab10743194-39ule_inst 035 $aLE01300718$9ExL 040 $aDip.to Matematica$beng 082 0 $a511.3 084 $aAMS 01A35 084 $aAMS 03-03 100 1 $aBottin, Francesco$077616 245 13$aLe antinomie semantiche nella logica medievale /$cFrancesco Bottin 260 $aPadova :$bAntenore,$c1976 300 $a222 p. ;$c22 cm 490 0 $aPubblicazioni dell'Istituto di storia della filosofia e del Centro per ricerche di filosofia medioevale dell'Università di Padova. Nuova serie ;$v23 500 $aIncludes bibliographical references and indexes 650 4$aAntinomy 650 4$aHistory of mathematics-medieval 650 4$aLogic-history 907 $a.b10743194$b23-02-17$c28-06-02 912 $a991000686989707536 945 $aLE013 03-XX BOT11 (1976)$g1$i2013000088938$lle013$o-$pE0.00$q-$rl$s- $t0$u0$v0$w0$x0$y.i10834643$z28-06-02 996 $aAntinomie semantiche nella logica medievale$9818895 997 $aUNISALENTO 998 $ale013$b01-01-97$cm$da $e-$fita$git $h3$i1 LEADER 01437nam a2200385 i 4500 001 991000766679707536 005 20020507173324.0 008 940728s1984 de ||| | eng 020 $a3540138846 035 $ab10754362-39ule_inst 035 $aLE01302007$9ExL 040 $aDip.to Matematica$beng 082 0 $a512.33 084 $aAMS 13M10 084 $aAMS 14F05 084 $aAMS 14L30 084 $aAMS 14M05 084 $aAMS 14M10 084 $aAMS 14M25 084 $aQA3 100 1 $aGreco, Silvio$040026 245 10$aComplete intersections :$blectures given at the 1st 1983 session of the Centro Intern. Matematico Estivo (C.I.M.E.) held at Acireale (Catania), Italy, June 13-21, 1983 /$ceds. S. Greco, R. Strano 260 $aBerlin ; New York :$bSpringer-Verlag,$c1984 300 $avi, 299 p. ;$c25 cm. 490 0 $aLecture notes in mathematics,$x0075-8434 ;$v1092 650 4$aAlgebraic varieties-addresses, essays, lectures 650 4$aIntersection theory-addresses, essays, lectures 650 4$aLocal rings-addresses, essays, lectures 700 1 $aStrano, Rosario 907 $a.b10754362$b23-02-17$c28-06-02 912 $a991000766679707536 945 $aLE013 14M GRE11 (1984)$g1$i2013000002200$lle013$o-$pE0.00$q-$rl$s- $t0$u0$v0$w0$x0$y.i10848496$z28-06-02 996 $aComplete intersections$9911250 997 $aUNISALENTO 998 $ale013$b01-01-94$cm$da $e-$feng$gde $h0$i1